(Presque) 500 jeux les plus populaires de tous les temps - Statistiques

Statistiques générales
  • Ce quiz a été pris 40 fois
  • Le résultat moyen est 57 sur 481
Statistiques - réponses
Genre Année de Sortie Plateforme (de sortie) Développé par Réponse % Correct
48 Platform 1985 NES Nintendo Super Mario Bros.
78%
21 Sandbox 2011 PC - Mobile Mojang Minecraft
75%
79 Action-Adventure 1986 NES Nintendo The Legend of Zelda
72%
4 Action-Adventure 2013 PS3 - Xbox 360 Rockstar Grand Theft Auto V
69%
70 Action-Adventure 2008 PS3 - Xbox 360 - PC Rockstar Grand Theft Auto IV
63%
234 Racing 2014 Wii U Nintendo Mario Kart 8
56%
120 Racing 2017 Switch Nintendo Mario Kart 8 Deluxe
56%
9 Platform 1996 N64 Nintendo Super Mario 64
53%
107 Battle Royale 2017 Xbox One - PS4 - PC - Switch Epic Games Fortnite Battle Royale
50%
43 MMO 2004 PC Blizzard World of Warcraft
50%
378 RPG 1987 NES Square Final Fantasy
47%
42 Action-Adventure 2004 PS2 Rockstar Grand Theft Auto: San Andreas
47%
22 Action-Adventure 2010 Xbox 360 - PS3 Rockstar Red Dead Redemption
47%
108 Platform 1991 Sega Genesis Sega Sonic the Hedgehog
47%
151 MOBA 2009 PC Riot Games League of Legends
44%
20 Puzzle 1986 PC - GB - NES Rowan Software Tetris
44%
2 Action-Adventure 2013 PS3 - PS4 Naughty Dog The Last of Us
44%
209 FPS 2010 Xbox 360 - PC - PS3 - Wii Treyarch Call of Duty: Black Ops
41%
72 Action-Adventure 2001 PS2 DMA Design Grand Theft Auto III
41%
19 Action-Adventure 2018 Xbox One - PS4 Rockstar Red Dead Redemption 2
41%
17 Platform 1990 NES Nintendo Super Mario Bros. 3
41%
45 Platform 2007 Wii Nintendo Super Mario Galaxy
41%
3 Action-Adventure 2017 Wii U - Switch Nintendo The Legend of Zelda: Breath of the Wild
41%
1 Action-Adventure 1998 N64 Nintendo The Legend of Zelda: Ocarina of Time
41%
128 Sports 2006 Wii Nintendo Wii Sports
38%
49 FPS 2007 PC - Xbox 360 - PS3 Infinity Ward Call of Duty 4: Modern Warfare
34%
30 Action RPG 2011 PC - PS3 - Xbox 360 FromSoftware Dark Souls
34%
40 Action RPG 2022 PS5 - Xbox Series X/S - PC FromSoftware Elden Ring
34%
259 RPG 1990 NES Square Final Fantasy III
34%
397 RPG 1991 SNES - PlayStation Square Final Fantasy IV
34%
99 RPG 2000 PlayStation Square Final Fantasy IX
34%
343 RPG 1992 SNES Square Final Fantasy V
34%
51 RPG 1994 SNES Square Final Fantasy VI
34%
14 RPG 1997 PlayStation Square Final Fantasy VII
34%
313 RPG 1999 PlayStation - PC Square Final Fantasy VIII
34%
92 RPG 2001 PS2 Square Final Fantasy X
34%
405 MMO 2002 PS2 - PC - Xbox 360 Square Final Fantasy XI
34%
56 FPS 2016 PC - PS4 - Xbox One Blizzard Overwatch
34%
31 RPG 1996 GB Game Freak Pokémon Red and Blue
34%
47 Puzzle-Platform 2007 PC Valve Portal
34%
131 Survival Horror 1996 PlayStation - PC Capcom Resident Evil (1996)
34%
63 Action-Adventure 2023 Switch Nintendo The Legend of Zelda: Tears of the Kingdom
34%
5 Action RPG 2015 PS4 - Xbox One - PC CD Projekt The Witcher 3: Wild Hunt
34%
176 Simulation 2001 N64 - GC Nintendo Animal Crossing
31%
139 FPS 1999 PC Valve Counter-Strike
31%
32 FPS 1993 PC id Software Doom
31%
145 FPS 2016 Xbox One - PC - PS4 id SoftWare Doom (2016)
31%
456 RPG 2006 PS2 Square Enix Final Fantasy XII
31%
26 FPS 2001 Xbox Bungie Halo: Combat Evolved
31%
232 Racing 2008 Wii Nintendo Mario Kart Wii
31%
10 Puzzle - Platform 2011 PC - PS3 - Xbox 360 Valve Portal 2
31%
11 Survival Horror 2005 GC - PS2 Capcom Resident Evil 4
31%
154 Survival Horror 2023 PS5 - Xbox Series X/S - PC Capcom Resident Evil 4 (2023)
31%
64 Platform 2010 Wii Nintendo Super Mario Galaxy 2
31%
12 Platform 1990 SNES Nintendo Super Mario World
31%
224 Fighting 1999 N64 HAL Laboratory et Sora Ltd et Bandai Namco Super Smash Bros.
31%
137 MMO 2010 PC Square Enix Final Fantasy XIV
28%
344 Action RPG 2016 PS4 - Xbox One Square Enix Final Fantasy XV
28%
57 FPS 1998 PC Valve Half-Life
28%
260 Racing 1996 N64 Nintendo Mario Kart 64
28%
16 Stealth 1998 PlayStation Konami Metal Gear Solid
28%
327 Stealth 2010 PSP - PS3 - Xbox 360 Konami Metal Gear Solid: Peace Walker
28%
93 Action-Adventure Stealth 2015 PC - Xbox One - PS4 Konami Metal Gear Solid V: The Phantom Pain
28%
133 Fighting 1992 Arcade - Sega Genesis - SNES Midway Mortal Kombat
28%
358 RPG 2019 Switch Game Freak Pokémon Sword and Shield
28%
407 RPG 2013 3DS Game Frek Pokémon X and Y
28%
123 Survival Horror 1998 PlayStation Capcom Resident Evil 2
28%
119 Survival Horror 2019 PC - Xbox One - PS4 Capcom Resident Evil 2 (2019)
28%
138 Action-Adventure 2019 PC - PS4 - Xbox One FromSoftware Sekiro: Shadows Die Twice
28%
38 Platform 2017 Switch Nintendo Super Mario Odyssey
28%
7 Action RPG 2011 Xbox 360 - PS3 - PC Bethesda The Elder Scrolls V: Skyrim
28%
87 Action-Adventure 2006 Wii - GC Nintendo The Legend of Zelda: Twilight Princess
28%
325 FPS 2012 PC - PS3 - Xbox 360 Valve et Hidden Path Entertainment Counter-Strike: Global Offensive
25%
116 Platform 1981 Arcade Nintendo Donkey Kong
25%
471 FPS 1994 PC id Software Doom II: Hell on Earth
25%
270 RPG 1997 PC Interplay Productions Fallout
25%
164 Action-Adventure 2005 PS2 Santa Monica Studio God of War
25%
23 Action-Adventure 2018 PS4 Santa Monica God of War (2018)
25%
37 FPS 1997 N64 Rare GoldenEye 007
25%
76 Action-Adventure 2002 PS2 Rockstar Grand Theft Auto: Vice City
25%
6 FPS 2004 PC - Xbox 360 - PS3 - Xbox Valve Half-Life 2
25%
134 Stealth 2001 PS2 Konami Metal Gear Solid 2: Sons of Liberty
25%
35 Stealth 2004 PS2 Konami Metal Gear Solid 3: Snake Eater
25%
73 Stealth 2005 PS2 Konami Metal Gear Solid 3: Subsistence
25%
83 Stealth 2008 PS3 Kojima Metal Gear Solid 4: Guns of the Patriots
25%
69 RPG 2008 PS2 Altus Persona 4 / Golden
25%
249 RPG 2010 DS Game Freak Pokémon Black and White
25%
85 RPG 2000 GBC Game Freak Pokémon Gold and Silver
25%
152 RPG 1998 GB Game Freak Pokémon Yellow
25%
347 Survival Horror 2017 PS4 - Xbox One - PC Capcom Resident Evil 7 (2017)
25%
334 Platform 2002 GC Nintendo Super Mario Sunshine
25%
60 Fighting 2018 Switch Bandai Namco et Sora Ltd Super Smash Bros. Ultimate
25%
110 Action RPG 2006 Xbox 360 - PS3 - PC Bethesda The Elder Scrolls IV: Oblivion
25%
97 Life Simulation 2000 PC Maxis The Sims
25%
129 Action-Adventure 1996 PC - Playstation Core Design Tomb Raider (1996)
25%
414 Action-Adventure 2013 Xbox 360 - PS3 - PC Crystal Dynamics Tomb Raider (2013)
25%
28 Action-Adventrue 2009 PS3 Naughty Dog Uncharted 2: Among Thieves
25%
198 TPS 2011 PS3 Naughty Dog Uncharted 3: Drake's Deception
25%
81 Action-Adventure 2009 Xbox 360 - PS3 Ubisoft Assassin's Creed II
22%
258 Action-Adventure 2013 PS3 - Xbox 360 - Wii U - PC Ubisoft Assassin's Creed IV: Black Flag
22%
18 FPS 2007 Xbox 360 - PC 2K BioShock
22%
29 Action RPG 2015 PS4 FromSoftware Bloodborne
22%
71 Action RPG 2000 PC Blizzard Diablo II
22%
82 FPS 2004 Xbox Bungie Halo 2
22%
80 FPS 2007 Xbox 360 Bungie Halo 3
22%
90 Platform 2017 PC - Switch Team Cherry Hollow Knight
22%
27 Action-Adventure 2002 GC Retro Studios Metroid Prime
22%
33 Fighting 1991 SNES - Arcade Capcom Street Fighter II
22%
25 Action-Adventure 1994 SNES Nintendo Super Metroid
22%
142 Fighting 2008 Wii Sora Ltd et Nintendo Super Smash Bros. Brawl
22%
59 Fighting 2001 GC HAL Laboratory Super Smash Bros. Melee
22%
66 Action-Adventure 2016 PS4 Naughty Dog Uncharted 4: A Thief's End
22%
223 Party 2018 Mobile - PC - Switch Innersloth Among Us
19%
155 FPS 2009 Xbox 360 - PS3 - PC Infinity Ward Call of Duty: Modern Warfare 2
19%
386 Hack 'n' Slash 2014 PS3 - Xbox 360 - PC FromSoftware Dark Souls II
19%
136 Action RPG 2016 PC - PS4 - Xbox One FromSoftware Dark Souls III
19%
144 Platform 1994 SNES Rare Donkey Kong Country
19%
465 FPS Action-Adventure 2004 PC Crytek Far Cry
19%
288 FPS Action-Adventure 2012 Xbox 360 - PS3 - PC Ubisoft Far Cry 3
19%
446 Platform 2006 DS Nintendo New Super Mario Bros.
19%
98 Maze 1980 Arcade Namco Pac-Man
19%
240 Maze 2010 Virtual Console Mine Load Software Pac-Man Championship Edition DX
19%
380 RPG 2012 DS Game Freak Pokémon Black 2/White 2
19%
312 RPG 2006 DS Game Freak Pokémon Diamond and Pearl
19%
292 RPG 2004 GBA Game Freak Pokémon Emerald
19%
24 Action-Adventure 2005 PS2 Sony Shadow of the Colossus
19%
150 Platform 1992 Sega Genesis Sega Sonic the Hedgehog 2
19%
65 RTS 1998 PC Blizzard Starcraft
19%
205 Platform 1995 SNES Nintendo Super Mario World 2: Yoshi's Island
19%
117 Fighting 1997 Arcade - PlayStation Namco Tekken 3
19%
170 Action RPG 2002 PC - Xbox Bethesda The Elder Scrolls III: Morrowind
19%
52 Action-Adventure 2000 N64 Nintendo The Legend of Zelda: Majora's Mask
19%
36 Action-Adventure 2002 GC Nintendo The Legend of Zelda: The Wind Waker
19%
239 Simulation 2014 PC - Xbox One - PS4 Maxis The Sims 4
19%
190 RTS 2002 PC Blizzard Warcraft III: Reign of Chaos
19%
175 Battle Royale 2019 Xbox One - PS4 - PC Respawn Entertainment Apex Legends
16%
443 FPS 2016 Xbox One - PS4 - PC DICE Battlefield 1
16%
274 Hack 'n' Slash 2009 PS3 - Xbox 360 - Wii U PlatinumGames Bayonetta
16%
201 Hack 'n' Slash 2014 Wii U PlatinumGames Bayonetta 2
16%
382 FPS 2012 PS3 - Xbox 360 - PC - Wii Treyarch Call of Duty: Black Ops II
16%
39 Platform 1997 PlayStation Konami Castlevania: Symphony of the Night
16%
342 Platform 1996 PlayStation Naughty Dog Crash Bandicoot
16%
379 Action RPG 2009 PS3 FromSoftware Demon's Souls
16%
272 FPS 2020 PC - Xbox One - PS4 - Switch id Software Doom Eternal
16%
122 RPG 1998 PC Black Isle Fallout 2
16%
54 FPS Action-RPG 2008 Xbox 360 - PS3 - PC Bethesda Fallout 3
16%
306 FPS 2018 PS4 - Xbox One - PC Ubisoft Far Cry 5
16%
126 Action-Adventure Stealth 2020 PS4 Sucker Punch Productions Ghost of Tsushima
16%
390 FPS 2012 Xbox 360 343 Industries Halo 4
16%
114 Action RPG 2002 PS2 Square Kingdom Hearts
16%
219 Sports 1972 Arcade Atari Pong
16%
147 Sports 2015 PC - Xbox One - PS4 Psyonix Rocket League
16%
50 Survival Horror 2001 Xbox - PS2 Team Silent Silent Hill 2
16%
217 TPS 2015 Wii U Nintendo Splatoon
16%
62 Racing 1992 SNES Nintendo Super Mario Kart
16%
78 Action-Adventure 2020 PS4 Naughty Dog The Last of Us Part II
16%
13 Action-Adventure 1991 SNES Nintendo The Legend of Zelda: A Link to the Past
16%
206 Action-Adventure 2011 Wii Nintendo The Legend of Zelda: Skyward Sword
16%
275 Life Simulation 2004 PC - PS2 - Xbox - DS Maxis The Sims 2
16%
246 Life Simulation 2009 PC - PS3 - Xbox 360 - Wii Maxis The Sims 3
16%
53 RPG 2015 PC Toby Fox Undertale
16%
167 Simulation 2012 3DS Nintendo Animal Crossing: New Leaf
13%
478 Action RPG 2018 Xbox One - PS4 - PC - Switch Ubisoft Assassin's Creed Odyssey
13%
171 TBS 1991 PC MicroProse Civilization
13%
226 Platform 2017 Xbox One - Switch - PC Studio MDHR Cuphead
13%
261 RPG 1992 SNES Chunsoft Dragon Quest V: Hand of the Heavenly Bride
13%
279 RPG 2004 PS2 Level-5 Dragon Quest VIII: Journey of the Cursed King
13%
403 Racing 2012 PC SCS Software Euro Truck Simulator 2
13%
235 FPS Action-RPG 2015 Xbox One - PC - PS4 Bethesda Fallout 4
13%
481 Action RPG 2020 Mobile - PC - PS4 MiHoYo Genshin Impact
13%
174 Action-Adventure 2007 PS2 Santa Monica God of War II
13%
236 Action-Adventure 2010 PS3 Santa Monica God of War III
13%
84 Action-Adventure 2022 PS5 Santa Monica God of War Ragnarök
13%
185 Racing 1997 PlayStation Sony Gran Turismo
13%
304 Racing 1999 PlayStation Polyphony Digital Gran Turismo 2
13%
214 Racing 2001 PS2 Polyphony Digital Gran Turismo 3: A-Spec
13%
75 Action RPG 2005 PS2 Square Enix Kingdom Hearts II
13%
103 Action RPG 2007 Xbox 360 BioWare Mass Effect
13%
189 Action RPG 2012 Xbox 360 - PS3 - PC - Wii U BioWare Mass Effect 3
13%
34 RPG 2017 RPG P-Studio Persona 5
13%
396 RTS 2009 PC - Virtual Console PopCap Plants vs. Zombies
13%
225 RPG 2004 GBA Game Freak Pokémon FireRed and LeafGreen
13%
216 RPG 2009 DS Game Freak Pokémon HeartGold and Soulsilver
13%
109 Shooter 1978 Arcade Taito Space Invaders
13%
243 Rail Shooter 1978 Arcade Taito Space Invaders
13%
112 Action-Adventure 2018 PS4 Insomniac Games Spider-Man (2018)
13%
341 TPS 2017 Switch Nintendo Splatoon 2
13%
132 RTS 2010 PC Blizzard Starcraft II: Wings of Liberty
13%
211 TPS 2005 PS2 - Xbox - PC Pandemic Studios Star Wars: Battlefront II
13%
169 Action RPG 1996 SNES Square Super Mario RPG: Legend of the Seven Stars
13%
222 Fighting 2014 Wii U - 3DS Bandai Namco Studios et Sora Ltd Super Smash Bros. for Wii U
13%
118 Graphic Adventure 1990 PC Lucasfilm Games The Secret of Monkey Island
13%
409 Action-Adventure 1997 PC - PlayStation Core Design Tomb Raider II
13%
100 RPG 2000 PC BioWare Baldur's Gate II: Shadows of Amn
9%
250 Platform 1998 N64 Rare Banjo-Kazooie
9%
88 FPS 2013 Xbox 360 - PS3 - PC Irrational Games BioShock Infinite
9%
94 Platform 2018 Switch - PC - Xbox One - PS4 Maddy Makes Games Celeste
9%
8 RPG 1995 SNES Square Chrono Trigger
9%
186 TBS 1996 PC MicroProse Civilization II
9%
140 TBS 2005 PC Firaxis Games Civilization IV
9%
227 TBS 2010 PC Firaxis Games Civilization V
9%
467 TBS 2016 PC Firaxis Games Civilization VI
9%
455 Visual Novel 2017 PC Team Salvato Doki Doki Litterature Club!
9%
252 MOBA 2013 PC Valve DOTA 2
9%
336 MMO 2012 Wii U - PC - Mobile - PS4 Square Enix Dragon Quest X
9%
220 RPG 2017 3DS - PS4 Square Enix Dragon Quest XI
9%
311 Action RPG 2004 Xbox - PC Lionhead Studios Fable
9%
411 Battle Royale 2020 PS4 - PC Mediatonic Fall Guys
9%
68 FPS Action-RPG 2010 PC - PS3 - Xbox 360 Obsidian Fallout: New Vegas
9%
212 Racing 2018 PC - Xbox One Playground Games Forza Horizon 4
9%
207 Racing 2018 PC - Xbox One Playground Games Forza Horizon 5
9%
55 Action RPG 2020 PC - Switch Supergiant Games Hades
9%
447 RTS 2014 PC - Mobile Blizzard Hearthstone
9%
15 Action RPG 2010 Xbox 360 - PS3 - PC BioWare Mass Effect 2
9%
238 Action RPG 2019 PS4 - Xbox One - PC Capcom Monster Hunter: World
9%
321 Fighting 1993 Arcade - SNES - Sega Genesis Midway Mortal Kombat II
9%
247 RPG 2006 PS2 - PSP Atlus Persona 3
9%
210 Platform 1989 PC Broderbund Prince of Persia
9%
402 Action-Adventure 2003 PS2 Ubisoft Prince of Persia: The Sands of Time
9%
256 Tactical Shooter 2015 PC - PS4 - Xbox One Ubisoft Rainbow Six Siege
9%
282 Action RPG 1993 SNES Square Secret of Mana
9%
86 Fighting 1998 Arcade - Dreamcast Bandai Namco Soulcalibur
9%
264 Fighting 2023 PS5 - Xbox Series X/S - PC - Arcade Capcom Street Fighter 6
9%
473 Fighting 2016 PC - PS4 Capcom et Dimps Street Fighter V
9%
359 Platform 2013 Wii U Nintendo Super Mario 3D World
9%
182 FPS 2007 PC - Xbox 360 - PS3 Valve Team Fortress 2
9%
425 Roguelike 2014 PC - PS4 - Xbox One - Wii U Nicalis The Binding of Isaac: Rebirth
9%
253 Action-Adventure 1993 GB Nintendo The Legend of Zelda: Link's Awakening
9%
296 Action-Adventure 2001 GB Flagship The Legend of Zelda: Oracle of Ages
9%
302 Action-Adventure 2001 GB Flagship The Legend of Zelda: Oracle of Seasons
9%
146 FPS 2016 PC - PS4 - Xbox One Respawn Entertainment Titanfall 2
9%
115 Simulation 2020 Switch Nintendo Animal Crossing: New Horizons
6%
89 RPG 2023 PC - PS5- Xbox Series X/S Larian Baldur's Gate 3
6%
106 Action-Adventure 2009 Xbox 360 - PS3 - PC Rocksteady Batman: Arkham Asylum
6%
41 Action-Adventure 2011 Xbox 360 - PS3 - PC Rocksteady Batman: Arkham City
6%
357 Action-Adventure 2015 Xbox One - PS4 - PC Rocksteady Batman: Arkham Knight
6%
125 FPS Action-RPG 2012 Xbox 360 - PS3 - PC Gearbox Software Borderlands 2
6%
254 Racing 2004 PS2 - Xbox Criterion Games Burnout 3: Takedown
6%
197 FPS Action-RPG 2014 PS4 - Xbox One Bungie Destiny
6%
266 Hack 'n' Slash 2001 PS2 Capcom Devil May Cry
6%
476 Hack 'n' Slash 2005 PS2 Capcom Devil May Cry 3: Dante's Awakening
6%
309 RPG 1990 NES Chunsoft Dragon Quest IV
6%
67 RPG 1995 SNES Ape Inc. et HAL Laboratory EarthBound
6%
345 Racing 2016 Xbox One - PC Playground Games Forza Horizon 3
6%
424 RPG 2001 GBA Camelot Software Golden Sun
6%
392 RPG 2003 GBA Camelot Software Planning Golden Sun: The Lost Age
6%
338 Music & Rhythm 2005 PS2 Harmonix Guitar Hero
6%
96 FPS 2020 PC Valve Half-Life Alyx
6%
458 Music & Rhythm 2013 Vita - PS3 Sega et Crypton Future Media Hatsune Miku: Project DIVA f
6%
229 Puzzle-Platform 2001 PS2 Sony ICO
6%
111 Puzzle-Platform 2016 Xbox One - PS4 - PC Playdead Inside
6%
58 Adventure 2012 PS3 Thatgamecompany Journey
6%
113 Survival Horror 2009 PC - Xbox 360 Valve Left 4 Dead 2
6%
161 Platform 1988 NES Capcom Mega Man 2
6%
375 Platform 1990 NES Capcom Mega Man 3
6%
430 Platform 1993 SNES Capcom Mega Man X
6%
153 Graphic Adventure 1991 PC Lucasfilm Games Monkey Island 2: LeChuck's Revenge
6%
432 Fighting 2015 Xbox One - PS4 - PC NetherRealm Studios Mortal Kombat X
6%
105 Action-Adventure 2006 PS2 Clover Okami
6%
95 Action-Adventure 2019 Xbox One - PS4 - PC Mobius Digital Outer Wilds
6%
165 RPG 2011 Vita Altus Persona 4: Golden
6%
204 FPS 1996 PC id Software Quake
6%
469 Fighting 2002 Arcade - PS2 - Xbox Namco Soulcalibur II
6%
354 Action-Adventure 2023 PS5 - Xbox Series X/S - PC Respawn Entertainment Star Wars Jedi: Survivor
6%
295 Beat' em Up 1992 Arcade - Sega Genesis Sega Streets of Rage 2
6%
317 Adventure 2018 PC - Xbox One - PS4 Unknown Worlds Entertainment Subnautica
6%
367 Platform 2010 Virtual Console Team Meat Super Meat Boy
6%
180 Action-Adventure 2011 Virtual Console - Mobile Re-Logic Terraria
6%
457 Action-Adventure 2016 PS4 Japan Studio et GenDesign The Last Guardian
6%
183 Graphic Adventure 2012 Xbox 360 - PS3 - PC - OUYA Telltale Games The Walking Dead
6%
271 Sports 2000 PlayStation - N64 - Dreamcast Neversoft Tony Hawk's Pro Skater
6%
91 Sports 2001 PlayStation - PC - Dreamcast - N64 Neversoft Tony Hawk's Pro Skater 2
6%
202 Sports 2001 PS2 - GC - Xbox Neversoft Tony Hawk's Pro Skater 3
6%
371 Sports 2002 GC - PS2 - Xbox - PC Neversoft Tony Hawk's Pro Skater 4
6%
121 Action RPG 2010 Wii Monolith Xenoblade Chronicles
6%
203 TBS 2001 GBA Intelligent Systems Advance Wars
3%
188 RTS 1999 PC - PS2 Ensemble Studios Age of Empires II: The Age of Kings
3%
248 Survival Horror 2014 PC - PS4 - Xbox One Creative Assembly Alien: Isolation
3%
349 VR 2018 PS4 Sony Astro Bot Rescue Mission
3%
281 Puzzle 2001 PC PopCap Bejeweled
3%
399 RPG 1999 PlayStation Square Chrono Cross
3%
360 RTS 1995 PC - PlayStation - Sega Saturn - N64 Westwood Studios Command & Conquer
3%
268 Music & Rhythm 1998 Arcade - PlayStation Konami Dance Dance Revolution
3%
245 Survival Horror 2008 Survival Horror EA Dead Space
3%
293 Adventure 2018 PS4 Quantic Dream Detroit: Become Human
3%
434 Beat 'em Up 1987 Arcade - NES Technos Japan Double Dragon
3%
149 RPG 2009 Xbox 360 - PS3 - PC BioWare Dragon Age: Origins
3%
242 Racing 1984 NES Nintendo Excitebike
3%
218 RPG 1997 PlayStation Square Final Fantasy Tactics
3%
230 Tactical RPG 2019 Switch Intelligent Systems et Kou Shibusawa Fire Emblem: Three Houses
3%
477 Adventure 2016 PC - PS4 - Xbox One - Switch Campo Santo Firewatch
3%
461 Simulation 2018 PC - PS4 - Xbox One 11 Bit Studios Frostpunk
3%
387 Shooter 1981 Arcade Namco Galaga
3%
168 Graphic Adventure 1998 PC LucasArts Grim Fandango
3%
368 MMO 2012 PC ArenaNet Guild Wars 2
3%
480 TBS 1999 PC New World Computing Heroes of Might & Magic III
3%
130 Action RPG 2017 PS4 Guerrilla Games Horizon Zero Dawn
3%
290 Action 2012 PC - PS3 - Vita Dennaton Games Hotline Miami
3%
370 Interactive Fiction 2022 PC - Xbox Series X/S - Mobile Sam Barlow Immortality
3%
361 Action-Adventure 2021 PS5 - Xbox Series X/S - PC - Switch Hazelight Studios It Takes Two
3%
450 Sports 2000 Dreamcast Smilebit Jet Set Radio
3%
400 Puzzle 1991 Amiga - PC DMA Design Lemmings
3%
194 Graphic Adventure 2015 Xbox One - PC - PS4 Square Enix Life Is Strange
3%
377 Puzzle-Platform 2010 Xbox 360 - PC - PS3 Playdead Limbo
3%
300 Sports 1999 N64 Camelot Software Planning Mario Golf
3%
255 Action RPG 2013 3DS Capcom Monster Hunter 4
3%
77 Maze 1982 Arcade General Computer Corporation Ms. Pac-Man
3%
280 Graphic Adventure 1993 Mobile Cyan Myst
3%
74 Action RPG 2017 PS4 - PC PlatinumGames Nier: Automata
3%
410 Racing 1986 Arcade Sega Out Run
3%
426 Simulation 2016 PC - Xbox One - PS4 - Switch Ghost Town Games Overcooked
3%
127 RPG 2004 GC Intelligent Systems Paper Mario: The Thousand-Year Door
3%
162 FPS 2000 N64 Rare Perfect Dark
3%
335 Interactive Fiction 2001 GBA - PC Capcom Phoenix Wright: Ace Attorney
3%
237 Platform 2005 PC - PS3 - Xbox 360 Double Fine Productions PsychoNauts
3%
436 Platform 2004 PS2 Insomniac Games Ratchet & Clank: Up Your Arsenal
3%
135 Puzzle-Adventure 2018 PC Lucas Pope Return of the Obra Dinn
3%
442 Adventure 1980 PC - C64 A.I. Design Rogue
3%
187 Construction & Management 1989 PC Will Wright SimCity
3%
277 Construction & Management 1994 PC - SNES - PlayStation Maxis SimCity 2000
3%
251 Roguelike 2019 PC - PS4 - Switch Mega Crit Slay the Spire
3%
417 Card Game 1990 PC Microsoft Solitaire
3%
124 Simulation 2016 PC - Switch - Xbox One - PS4 ConcernedApe Stardew Valley
3%
462 Action-Adventure 2019 PC - PS4 - Xbox One Respawn Entertainment Star Wars Jedi: Fallen Order
3%
363 Action-Adventure 1979 Atari 2600 Atari Superman
3%
384 Platform 1993 SNES Nintendo Super Mario All-Stars
3%
339 Action-Adventure 2013 3DS Nintendo The Legend of Zelda: A Link Between Worlds
3%
416 FPS 2007 PC - PS3 - Xbox 360 Valve The Orange Box
3%
401 Action RPG 2013 PC - Xbox One - PS4 Digital Extremes Warframe
3%
427 Action RPG 2017 Switch Monolith XenoBlade Chronicles 2
3%
333 Interactive Fiction 1977 PC Infocom Zork
3%
422 RTS 2019 PS4 - Switch Vanillaware 13 Sentinels: Aegis Rim
0%
449 Adventure 2005 PC Frogwares 80 Days
0%
228 Action-Adventure 1979 Atari 2600 Atari Adventure
0%
452 Survival Horror 1992 PC Infogrames Alone in the Dark
0%
178 Shooter 1979 Arcade Atari Asteroids
0%
418 Dress-up 1996 PC Digital Domain Barbie Fashion Designer
0%
474 Action RPG 2011 PC - Virtual Console - Mobile Supergiant Games Bastion
0%
415 FPS 2002 PC Digital Illusions Battlefield 1942
0%
320 TBS 2018 PC Harebrained Schemes BattleTech
0%
393 Action-Adventure 2003 PS2 - PC - GC - Xbox Ubisoft Beyond Good & Evil
0%
324 Puzzle-Platform 2008 Virtual Console Number None Braid
0%
464 Beat 'em Up 2008 Virtual Console The Behemoth Castle Crashers
0%
439 FPS 1991 PC id Software Catacomb 3-D
0%
419 Shooter 1981 Arcade Atari Centipede
0%
352 Construction & Management 2015 PC Colossal Order Cities: Skylines
0%
389 Text Adventure 1976 PC Will Crowther Colossal Cave Adventure
0%
337 RTS 2006 PC Relic Entertainment Company of Heroes
0%
316 Shooter 1971 Shooter Syzygy Engineering Computer Space
0%
322 Platform 2001 N64 Rare Conker's Bad Fur Day
0%
192 Action-Adventure 2020 PS5 - Xbox Series X/S - PC Remedy Entertainment Control
0%
265 Strategy 2020 PC Paradox Development Studio Crusade Kings III
0%
372 Strategy 2012 PC Paradox Crusader Kings II
0%
291 FPS 2007 Xbox 360 - PS3 - PC Crytek Crysis
0%
451 Visual Novel 2010 Vita Spike Danganronpa 1 & 2 Reload
0%
323 Visual Novel 2012 Vita - PSP Spike Chunsoft Danganronpa 2: Goodbye Despair
0%
412 Visual Novel 2010 PSP - Mobile - Vita Spike Danganronpa: Trigger Happy Havoc
0%
438 Adventure 2017 PS4 - Vita - PC Spike Chunsoft Danganronpa V3: Killing Harmony
0%
319 Graphic Adventure 1993 PC LucasArts Day of the Tentacle
0%
278 Roguelike 2018 PC - PS4 - Xbox One - Switch Motion Twin Dead Cells
0%
248 Survival Horror 2011 Xbox 360 - PS3 - PC Visceral Games Dead Space 2
0%
141 FPS 2022 Xbox Series X/S - PC Arkane Deathloop
0%
61 FPS Action-RPG 2000 PC Ion Storm Deus Ex
0%
46 RPG 2019 PC - PS4 - Xbox One ZA/UM Disco Elysium
0%
172 Stealth 2012 Xbox 360 - PS3 - PC Arkane Dishonored
0%
104 Action-Adventure Stealth 2016 PC - PS4 - Xbox One Arkane Dishonored 2
0%
355 TBS 2014 PC - PS4 - Xbox One Larian Divinity: Original Sin
0%
102 RPG 2017 PC Larian Divinity: Original Sin II
0%
158 Action RPG 2014 PS4 - Xbox One - PC BioWare Dragon Age: Inquisition
0%
459 RPG 1986 NES Chunsoft Dragon Warrior
0%
157 RPG 1988 NES Chunsoft Dragon Warrior III
0%
466 Racing 1999 PlayStation - GBC - PC Reflections Interactive Driver
0%
221 Construction & Management 2006 PC Bay 12 Games Dwarf Fortress
0%
315 Space Combat Sim 1984 PC - C64 David Braben et Ian Bell Elite
0%
472 Music & Rhythm 2006 DS iNiS Elite Beat Agents
0%
373 Action-Adventure 2002 GC Silicon Knights Eternal Darkness: Sanity's Requiem
0%
470 MMO 2003 PC CCP Games Eve Online
0%
398 Action RPG 2008 Xbox 360 Lionhead Fable II
0%
193 Puzzle-Platform 2012 Virtual Console Polytron Corporation Fez
0%
173 Strategy 2012 3DS Intelligent Systems Fire Emblem Awakening
0%
257 Strategy 2012 PC Subset Games FTL: Faster Than Light
0%
385 Hack 'n' Slash 1985 Arcade Atari Gauntlet
0%
199 TPS 2006 Xbox 360 Epic Games Gears of War
0%
310 TPS 2008 Xbox 360 Epic Games Gears of War 2
0%
435 MMO 2016 PC Gloria Victis
0%
307 Adventure 2013 PC The Fullbright Company Gone Home
0%
440 Survival 2019 PC - Switch - PS4 - Xbox One Creepy Jar Green Hell
0%
289 FPS 2007 PC - PS3 - Xbox 360 Valve Half-Life 2: Episode Two
0%
191 FPS 2010 Xbox 360 Bungie Halo: Reach
0%
406 Action-Adventure 2017 PC - Xbox One Ninja Theory Hellbade: Senua's Sacrifice
0%
269 Interactive Fiction 2015 PC - Mobile Sam Barlow Her Story
0%
441 Stealth 2016 PC - PS4 - Xbox One IO Interactive Hitman
0%
366 Stealth 2002 PC - Xbox - PS2 - GC IO Interactive Hitman 2: Silent Assassin
0%
350 Graphic Adventure 1992 PC LucasArts Indiana Jones and the Fate of Atlantis
0%
215 TBS 2018 PC Subset Games Into the Breach
0%
287 Action RPG 2005 Xbox - PC BioWare Jade Empire
0%
420 Sports 1988 PC - C64 EA John Madden Football
0%
340 Puzzle-Action 2004 PS2 Namco Katamari Damacy
0%
181 Adventure 2013 PC - PS4 - Xbox One - Switch Cardboard Computer Kentucky Route Zero
0%
231 Simulation 2013 PC - PS4 - Xbox One - Wii U Squad Kerbal Space Program
0%
388 Adventure 1983 PC Sierra On-Line King's Quest I
0%
351 Platform 1996 SNES HAL Laboratory Kirby Super Star
0%
303 Puzzle-Platform 2008 PS3 Media Molecule LittleBigPlanet
0%
365 Puzzle-Platform 1983 PC - C64 Doug Smith Lode Runner
0%
383 Sports 2002 PlayStation - Xbox - GC - PC EA et Budcat Creations Madden NFL 2003
0%
328 TPS 2002 Xbox - PS2 - PC Illusion Softworks Mafia: The City of Lost Heaven
0%
298 Puzzle 1999 N64 - Puzzle Capcom Magical Tetris Challenge
0%
429 Sports 1975 Magnavox Odyssey 100 Magnavox Odyssey's Tennis
0%
163 TPS 2001 PC - PS2 - Xbox Remedy Entertainment et Rockstar Max Payne
0%
346 TPS 2003 PC Remedy Entertainment Max Payne 2: The Fall of Max Payne
0%
353 FPS 1974 PC Steve Colley, Greg Thompson et Howard Palmer Maze War
0%
408 FPS 2019 PC - PS4 - Xbox One 4A Games Metro Exodus
0%
208 Flight Sim 2020 PC - Xbox One Asobo Studio Microsoft Flight Simulator (2020)
0%
364 Action RPG 2009 PSP Capcom Monster Hunter Freedom Unite
0%
233 RPG 1988 NES Ape et HAL Laboratory Mother
0%
184 RPG 2006 GBA Brownie Brown et HAL Laboratory Mother 3
0%
284 Sports 1993 Arcade - SNES - Sega Genesis Midway NBA Jam
0%
314 Sports 2000 Dreamcast Visual Concepts NFL 2k1
0%
454 Sports 1994 SNES - Sega Genesis EA NHL 94
0%
463 2015 Octa D'Or
0%
369 Tactical Shooter 2001 PC - Xbox Bohemia Interactive Studio Operation Flashpoint: Cold War Crisis
0%
413 Adventure 1971 PC - C64 Don Rawitsch, Bill Heinemann et Paul Dillenberger Oregon Trail
0%
276 Platform 2015 PC - Xbox One Moon Studios Ori and the Blind Forest
0%
244 Platform 2020 PC - Xbox One Moon Studios Ori and the Will of the Wisps
0%
431 RPG 1975 PLATO Network Rusty Rutherford pedit5
0%
301 Pentiment 2022 PC - Xbox One Obsidian Entertainment Pentiment
0%
177 Platform 1982 Atari 2600 David Crane Pitfall!
0%
101 RPG 1999 PC Black Isle Planescape Torment
0%
308 Racing 1982 Arcade Namco Pole Position
0%
273 Survival Horror 2014 PS4 Kojima P.T.
0%
356 Puzzle 1991 PC Compile Puyo Puyo
0%
362 RPG 2017 PC - PS4 Supergiant Games Pyre
0%
318 FPS 1999 PC - Dreamcast - PS2 id Software Quake III Arena
0%
404 Rail Shooter 2001 Dreamcast - PS2 - Xbox 360 United Game Artists Rez
0%
285 Action-Adventure 2015 Xbox One - PS4 - PC Crystal Dynamics Rise of the Tomb Raider
0%
241 Platform 1988 Arcade Data East RoboCop
0%
267 Music & Rhythm 2010 Xbox 360 - PS3 - Wii Harmonix Rock Band 3
0%
423 Shooter 1987 Arcade Irem R-Type
0%
391 MMO 2001 PC Jagex Runescape
0%
445 Dating Sim 2005 PS2 - Wii Sega et Red Entertainment Sakura Wars: So Long, My Love
0%
148 Action RPG 2000 Dreamcast Yu Suzuki Shenmue
0%
329 RPG 2001 Dreamcast - Xbox Sega Shenmue II
0%
297 Fighting 1999 Neo Geo Dimps SNK vs. Capcom: The Match of the Millennium
0%
305 Space Combat Sim 1962 PC Steve Russell Spacewar
0%
179 Action-Adventure 2009 PC - Virtual Console Derek Yu Spelunky
0%
200 Roguelike 2020 PS4 - PC MossMouth et BlitWorks Spelunky 2
0%
331 Action-Adventure 2020 PS5 - PC Insomniac Games Spider-Man: Miles Morales
0%
44 RPG 2003 Xbox - PC BioWare Star Wars: Knights of the Old Republic
0%
166 RPG 1998 PlayStation - PC Konami Suidoken II
0%
468 RPG 2019 PC Failbetter Games Sunless Skies
0%
381 Action 2012 PC - Mobile Terry Cavanagh Super Hexagon
0%
299 Platform 1999 GBC Nintendo Super Mario Bros. Deluxe
0%
460 Sports 2020 PC - PS4 - Xbox One - Switch Metalhead Software Super Mega Baseball 3
0%
156 Action RPG 1999 PC Ken Levine et Irrational Games et Looking Glass Studios System Shock 2
0%
326 RPG 2003 GC - PS2 Namco Tales Studio Tales of Symphonia
0%
330 Sports 1991 NES Tecmo Tecmo Super Bowl
0%
395 Beat 'em Up 1991 Arcade - NES Konami Teenage Mutant Ninja Turtles IV: Turtles in Time
0%
437 Puzzle 2018 PC - PS4 - Xbox One Monstars et Resonair Tetris Effect
0%
421 Action RPG 2021 PC - Xbox Series X/S Neon Giant The Ascent
0%
332 Visual Novel 2012 PC - Mobile - Vita - 3DS Novectacle The House in Fata Morgana
0%
213 Simulation 1971 PC - C64 Don Rawitsch et Bill Heinemann et Paul Dillenberger The Oregon Trail
0%
143 Puzzle 2016 PC - PS4 - Xbox One - Mobile Thekla The Witness
0%
294 Action RPG 2007 DS - Mobile Square Enix et Jupiter The World Ends with You
0%
433 RTS 2019 PC - PS4 - Xbox One Numantian Games They Are Billions
0%
376 Stealth 2000 PC Looking Glass Studios Thief II: The Metal Age
0%
195 Stealth 2005 Xbox - GC Ubisoft Tom Clacy's Splinter Cell: Chaos Theory
0%
283 TBS 2019 PC Creative Assembly Total War: Three Kingdoms
0%
479 RPG 2011 PC Freebird Games To the Moon
0%
444 Strategy 1994 PC - Amiga Mythos Games et MicroProse UFO: Enemy Unknown
0%
374 MMO 1997 PC Origin Systems Ultima Online
0%
475 Fighting 2014 Arcade - PS3 - Xbox 360 - PC Capcom Ultra Street Fighter IV
0%
286 FPS 1999 Dreamcast - PC Epic Games et Digital Extremes Unreal Tournament
0%
394 Action RPG 2000 PlayStation Square Vagrant Story
0%
428 Survival 2021 PC Iron Gate Valheim
0%
453 Puzzle-Adventure 2014 Xbox One - PS4 - Switch Ubisoft Valiant Hearts: The Great War
0%
196 Interactive Fiction 2017 Xbox One - PS4 - PC Giant Sparrow What Remains of Edith Finch
0%
160 TBS 2016 PC - PS4 - Xbox One Firaxis Games et 2K XCOM 2
0%
448 TBS 2017 PC - PS4 - Xbox One Firaxis Games X-COM 2: War of the Chosen
0%
263 TBS 2012 PC - PS3 - Xbox 360 Firaxis Games XCOM: Enemy Unknown
0%
262 RPG 1998 PlayStation Square Xenogears
0%
159 Action-Adventure 2015 PS4 Ryu Ga Gotoku Studio Yakuza 0
0%
Aucun quiz correspondant
Distribution des résultats
% des personnes avec chaque résultat
Percentile par nombre de réponses
Votre historique - résultats
Vous n’avez pas pris ce quiz